[Event "Albert Boxer Classic"]
[Site "Winnipeg CAN"]
[Date "2000.09.04"]
[Round "5"]
[White "Lukic, Luka"]
[Black "Khedkar, Jay S"]
[Result "1-0"]
[WhiteElo "1934"]
[BlackElo "1994"]
[PlyCount "103"]
[GameId "2160767911652571"]
[EventDate "2000.09.02"]
[EventType "swiss"]
[EventRounds "5"]
[EventCountry "CAN"]
[SourceTitle "EXT 2003"]
[Source "ChessBase"]
[SourceDate "2002.11.25"]
[SourceVersion "1"]
[SourceVersionDate "2002.11.25"]
[SourceQuality "1"]

1. d4 d5 2. c4 e6 3. Nc3 Nf6 4. Nf3 c6 5. e3 Nbd7 6. Bd3 Be7 7. Qc2 O-O 8. O-O b6 9. h3 Bb7 10. Re1 Rc8 11. Qe2 c5 12. cxd5 Nxd5 13. e4 Nb4 14. Bb1 cxd4 15. Nxd4 Ba6 16. Ndb5 Nc5 17. Qf3 Qe8 18. Nd4 Nbd3 19. Bxd3 Nxd3 20. Rd1 Ne5 21. Qg3 Bf6 22. f4 Ng6 23. Be3 e5 24. Nf5 exf4 25. Bxf4 Nxf4 26. Qxf4 Bxc3 27. bxc3 Rxc3 28. Qg5 g6 29. Ne7+ Kg7 30. Qe5+ f6 31. Qxc3 Qxe7 32. Re1 Rc8 33. Qd2 Rd8 34. Qb2 Rd3 35. Rac1 Kf7 36. e5 f5 37. e6+ Kg8 38. Rc3 Qh4 39. Rec1 Qd4+ 40. Kh1 Rd1+ 41. Rxd1 Qxd1+ 42. Kh2 Qd6+ 43. g3 f4 44. Qf2 fxg3+ 45. Rxg3 Qxe6 46. Re3 Qd6+ 47. Kg1 Bb7 48. Qg3 Qd1+ 49. Re1 Qd4+ 50. Qe3 Qxe3+ 51. Rxe3 Kf7 52. Rc3 1-0

[Event "Albert Boxer Classic"]
[Site "Winnipeg CAN"]
[Date "2000.09.04"]
[Round "5"]
[White "Remillard, John"]
[Black "Xia, Yanchong"]
[Result "0-1"]
[WhiteElo "1600"]
[BlackElo "1787"]
[PlyCount "92"]
[GameId "2160767911652572"]
[EventDate "2000.09.02"]
[EventType "swiss"]
[EventRounds "5"]
[EventCountry "CAN"]
[SourceTitle "EXT 2003"]
[Source "ChessBase"]
[SourceDate "2002.11.25"]
[SourceVersion "1"]
[SourceVersionDate "2002.11.25"]
[SourceQuality "1"]

1. c4 g6 2. d4 Nf6 3. g3 Bg7 4. Bg2 O-O 5. Nf3 d6 6. O-O Nbd7 7. a4 a5 8. Nc3 e5 9. dxe5 Nxe5 10. Nxe5 dxe5 11. Qxd8 Rxd8 12. Rd1 Rxd1+ 13. Nxd1 c6 14. b3 Be6 15. Bd2 Nd7 16. Ne3 Nc5 17. Rb1 f5 18. Bc3 Kf7 19. Nf1 Bf6 20. Nd2 e4 21. Bxf6 Kxf6 22. f4 Rd8 23. Rb2 Na6 24. Kf2 Nb4 25. Ke3 Ke7 26. h4 h5 27. Bf1 Kd6 28. Kd4 Bf7 29. Kc3 Kc5 30. Bg2 b5 31. Bf1 Rd7 32. axb5 cxb5 33. cxb5 Nd5+ 34. Kc2 Ne3+ 35. Kc1 Kxb5 36. Bh3 Kb4 37. Kb1 Kc3 38. Nc4 Bxc4 39. bxc4 Rd1+ 40. Ka2 Nxc4 41. Rb3+ Kd4 42. Rb1 Rxb1 43. Kxb1 Ke3 44. Kc2 Kxe2 45. Kc3 Ne3 46. Kb3 Kf3 0-1

[Event "Albert Boxer Classic"]
[Site "Winnipeg CAN"]
[Date "2000.09.04"]
[Round "5"]
[White "Repa, Jason"]
[Black "Proulx, Roy"]
[Result "1-0"]
[WhiteElo "1940"]
[BlackElo "1663"]
[PlyCount "89"]
[GameId "2160767911652573"]
[EventDate "2000.09.02"]
[EventType "swiss"]
[EventRounds "5"]
[EventCountry "CAN"]
[SourceTitle "EXT 2003"]
[Source "ChessBase"]
[SourceDate "2002.11.25"]
[SourceVersion "1"]
[SourceVersionDate "2002.11.25"]
[SourceQuality "1"]

1. e4 e5 2. Nf3 Nc6 3. Bb5 Nge7 4. O-O a6 5. Ba4 d6 6. d4 b5 7. Bb3 exd4 8. Nxd4 Bb7 9. Bg5 Nxd4 10. Qxd4 c5 11. Qd3 c4 12. Bxc4 bxc4 13. Qxc4 Qb6 14. Nc3 Rc8 15. Qd3 Ng6 16. b3 Qc5 17. Bd2 Be7 18. Rac1 O-O 19. Na4 Qc6 20. Rfe1 f5 21. f3 Ne5 22. Qd4 f4 23. Bb4 Rf6 24. Red1 Rg6 25. Kh1 Qb5 26. Ba3 Qc6 27. c4 Qc7 28. Nc3 Nf7 29. Ne2 Bf6 30. Qd2 Be5 31. Nxf4 Rh6 32. h3 Qe7 33. Ne2 Qf6 34. f4 Bxe4 35. fxe5 Qf2 36. Nf4 Bxg2+ 37. Kh2 Qxd2 38. Rxd2 dxe5 39. Nxg2 Ng5 40. Rd3 e4 41. Rg3 Nf3+ 42. Kh1 Rd8 43. Bb4 Rd3 44. Nf4 Re3 45. Bc5 1-0

[Event "Albert Boxer Classic"]
[Site "Winnipeg CAN"]
[Date "2000.09.04"]
[Round "5"]
[White "Schulz, Waldemar"]
[Black "Hanrahan, Nigel"]
[Result "1/2-1/2"]
[WhiteElo "2016"]
[BlackElo "1635"]
[PlyCount "137"]
[GameId "2160767911652574"]
[EventDate "2000.09.02"]
[EventType "swiss"]
[EventRounds "5"]
[EventCountry "CAN"]
[SourceTitle "EXT 2003"]
[Source "ChessBase"]
[SourceDate "2002.11.25"]
[SourceVersion "1"]
[SourceVersionDate "2002.11.25"]
[SourceQuality "1"]

1. Nf3 Nf6 2. g3 g6 3. Bg2 Bg7 4. O-O O-O 5. d4 d5 6. c4 c6 7. Nbd2 Bg4 8. Qb3 Qc7 9. Re1 Re8 10. Ne5 Be6 11. c5 Ng4 12. f4 Nxe5 13. fxe5 b6 14. cxb6 Qxb6 15. Qxb6 axb6 16. e4 Na6 17. Nf3 Nb4 18. Re2 Bg4 19. a3 dxe4 20. Rxe4 Bf5 21. Re2 Nd5 22. Nh4 Bd3 23. Rd2 Bb5 24. Rd1 e6 25. Nf3 h6 26. Re1 Red8 27. Bd2 Rac8 28. a4 Ba6 29. a5 b5 30. b4 Bf8 31. Rab1 Ne7 32. Kf2 Nf5 33. Bc3 Kh7 34. Red1 Bg7 35. Ne1 Ne7 36. Nd3 Nd5 37. Be1 Bf8 38. Rbc1 Ne7 39. Nc5 Ra8 40. Rc2 Nd5 41. Nd3 Bb7 42. Rb2 Kg7 43. Bf3 Be7 44. Nf4 Rdc8 45. Rc1 Bg5 46. Bd2 Be7 47. Nd3 f6 48. exf6+ Bxf6 49. Ne5 Bxe5 50. dxe5 g5 51. Ke2 Kf7 52. Bh5+ Ke7 53. Rf1 Rf8 54. Rbb1 Rxf1 55. Rxf1 Rf8 56. Rxf8 Kxf8 57. Kd3 Nc7 58. h4 Na6 59. hxg5 hxg5 60. Kc3 c5 61. bxc5 Nxc5 62. Kb4 Ne4 63. Be1 Bc6 64. Be2 Ke7 65. Bxb5 Kd7 66. Bd3 Kc7 67. Bb5 Bxb5 68. Kxb5 Kb7 69. g4 1/2-1/2

[Event "Albert Boxer Classic"]
[Site "Winnipeg CAN"]
[Date "2000.09.04"]
[Round "5"]
[White "Walker, Sean"]
[Black "Lauritson, Jim"]
[Result "1/2-1/2"]
[WhiteElo "1613"]
[BlackElo "2026"]
[PlyCount "119"]
[GameId "2160767911652576"]
[EventDate "2000.09.02"]
[EventType "swiss"]
[EventRounds "5"]
[EventCountry "CAN"]
[SourceTitle "EXT 2003"]
[Source "ChessBase"]
[SourceDate "2002.11.25"]
[SourceVersion "1"]
[SourceVersionDate "2002.11.25"]
[SourceQuality "1"]

1. f4 d5 2. Nf3 g6 3. e3 Bg7 4. Be2 c5 5. Nc3 Nc6 6. O-O Nf6 7. b3 O-O 8. Bb2 a6 9. a4 Ne4 10. Qe1 Nb4 11. Bd1 b6 12. d3 Nf6 13. Na2 Nxa2 14. Rxa2 Bb7 15. h3 Re8 16. g4 e6 17. Qg3 Rc8 18. g5 Nh5 19. Qe1 Bxb2 20. Rxb2 f6 21. h4 d4 22. Nh2 Ng7 23. Ng4 Nh5 24. Nh6+ Kg7 25. Bxh5 gxh5 26. e4 Rf8 27. Qe2 Qe8 28. f5 e5 29. Qg2 Kh8 30. Kf2 Rc7 31. Rg1 Rg7 32. g6 hxg6 33. fxg6 f5 34. Qg5 fxe4+ 35. Ke2 exd3+ 36. cxd3 Bf3+ 37. Ke1 e4 38. Nf7+ Kg8 39. Qh6 exd3+ 40. Kf2 Qe3+ 41. Qxe3 dxe3+ 42. Kxf3 e2 43. Ke3 Re8+ 44. Kd2 Re6 45. Rbb1 b5 46. Kxd3 Rgxg6 47. Rxg6+ Rxg6 48. Ng5 bxa4 49. bxa4 Rb6 50. Re1 Rb4 51. Ne6 Rxa4 52. Nxc5 Rxh4 53. Nxa6 Rh2 54. Nb4 Kf7 55. Na2 Rf2 56. Nc3 Rf6 57. Kd2 h4 58. Nxe2 Kg6 59. Rh1 Kg5 60. Ng1 1/2-1/2

[Event "Alberta-ch"]
[Site "Calgary CAN"]
[Date "2000.04.20"]
[Round "1"]
[White "Haessel, Dale"]
[Black "Olson, Hans"]
[Result "1-0"]
[WhiteElo "2245"]
[BlackElo "2025"]
[PlyCount "123"]
[GameId "2160767911724588"]
[EventDate "2000.04.20"]
[EventType "tourn"]
[EventRounds "7"]
[EventCountry "CAN"]

1. c4 Nf6 2. g3 e5 3. Bg2 Bc5 4. Nc3 c6 5. e3 O-O 6. Nge2 Bb6 7. d4 exd4 8. exd4 d5 9. cxd5 Nxd5 10. Nxd5 cxd5 11. O-O Bg4 12. h3 Bxe2 13. Qxe2 Nc6 14. Be3 Nxd4 15. Qd3 Qf6 16. Rfd1 Nf3+ 17. Bxf3 Qxf3 18. Bxb6 Qxd3 19. Rxd3 axb6 20. Rxd5 Rfc8 21. Rb5 Rc6 22. Rd1 Kf8 23. Rd7 Rb8 24. Rf5 f6 25. Rb5 Re6 26. Kg2 h6 27. Kf3 Rc6 28. a3 Re6 29. Kg4 g6 30. Kf4 h5 31. g4 hxg4 32. hxg4 Rc8 33. Rxb7 Rc2 34. f3 Rc4+ 35. Kg3 Rcc6 36. Rd5 Re7 37. Rdd7 Rxd7 38. Rxd7 Rc2 39. b4 Rc6 40. Rb7 g5 41. Kf2 Rc2+ 42. Kg3 Rc6 43. a4 Ke8 44. Kf2 Re6 45. a5 bxa5 46. bxa5 Ra6 47. Rb5 Kd7 48. Ke3 Re6+ 49. Kd4 Ra6 50. Kc4 Kc7 51. Rb6 Rxa5 52. Rxf6 Kd7 53. Rf5 Rxf5 54. gxf5 Kd6 55. Kd4 Ke7 56. Ke5 Kf7 57. f6 Kf8 58. Kf5 Kf7 59. Kxg5 Kf8 60. Kg6 Kg8 61. f7+ Kf8 62. f4 1-0

[Event "Alberta-ch"]
[Site "Calgary CAN"]
[Date "2000.04.20"]
[Round "1"]
[White "Huber, Gregory"]
[Black "Yearwood, Roy"]
[Result "0-1"]
[WhiteElo "2335"]
[BlackElo "2200"]
[PlyCount "66"]
[GameId "2160767911724589"]
[EventDate "2000.04.20"]
[EventType "tourn"]
[EventRounds "7"]
[EventCountry "CAN"]

1. e4 e5 2. Nf3 Nc6 3. Bc4 Be7 4. O-O Nf6 5. d3 d6 6. c3 Bg4 7. h3 Bh5 8. Re1 Qd7 9. b4 a6 10. Nbd2 g5 11. Qb3 b5 12. Bd5 Nxd5 13. exd5 Nd8 14. d4 f6 15. a4 Rb8 16. axb5 axb5 17. Nh2 Bf7 18. Ne4 Rg8 19. Ng4 Rg6 20. Nexf6+ Bxf6 21. Nxf6+ Rxf6 22. dxe5 dxe5 23. Rxe5+ Kf8 24. Bxg5 Rg6 25. h4 Kg8 26. h5 Rd6 27. c4 Qg4 28. Be7 bxc4 29. Qe3 Rxd5 30. f3 Rxe5 31. Qxe5 Nc6 32. fxg4 Nxe5 33. Ra5 Nd7 0-1

[Event "Alberta-ch"]
[Site "Calgary CAN"]
[Date "2000.04.20"]
[Round "1"]
[White "Odachowski, Arthur"]
[Black "Gardner, Robert"]
[Result "1-0"]
[WhiteElo "2305"]
[BlackElo "2310"]
[PlyCount "77"]
[GameId "2160767911724590"]
[EventDate "2000.04.20"]
[EventType "tourn"]
[EventRounds "7"]
[EventCountry "CAN"]

1. d4 Nf6 2. c4 e6 3. Nc3 d5 4. cxd5 exd5 5. Bg5 c6 6. e3 Be7 7. Bd3 O-O 8. Qc2 Nbd7 9. Nge2 Re8 10. O-O Nf8 11. f3 c5 12. Rad1 c4 13. Bf5 h6 14. Bh4 a6 15. h3 b5 16. a3 Bb7 17. Qd2 Bc6 18. Kh1 a5 19. Bxf6 Bxf6 20. e4 dxe4 21. Nxe4 Bd7 22. Bxd7 Nxd7 23. Nd6 Qe7 24. Nxe8 Rxe8 25. Nc3 b4 26. axb4 axb4 27. Nd5 Qd6 28. Nxb4 Bd8 29. Nc2 Bc7 30. f4 Nf6 31. Qb4 Qd5 32. Qc5 Qe4 33. Qxc4 Bxf4 34. Rde1 Qf5 35. Rxe8+ Nxe8 36. Qc5 Qe4 37. Re1 Qa8 38. Qf5 Bg3 39. Qe4 1-0

[Event "Alberta-ch"]
[Site "Calgary CAN"]
[Date "2000.04.20"]
[Round "1"]
[White "Ottosen, David"]
[Black "Hughey, Micah"]
[Result "1/2-1/2"]
[WhiteElo "2160"]
[BlackElo "2080"]
[PlyCount "63"]
[GameId "2160767911724591"]
[EventDate "2000.04.20"]
[EventType "tourn"]
[EventRounds "7"]
[EventCountry "CAN"]

1. e4 e5 2. Bc4 Nf6 3. Nf3 Nc6 4. d4 exd4 5. Nxd4 Nxe4 6. Bxf7+ Kxf7 7. Qh5+ g6 8. Qd5+ Kg7 9. Nxc6 bxc6 10. Qxe4 Qe7 11. Qxe7+ Bxe7 12. O-O Ba6 13. Re1 Rhe8 14. Bd2 Rab8 15. b3 Bf6 16. Nc3 d5 17. Rad1 Kf7 18. Na4 Be2 19. Rc1 Bb5 20. Nc3 Rxe1+ 21. Rxe1 Re8 22. Rxe8 Kxe8 23. Nxb5 cxb5 24. Kf1 Kd7 25. Ke2 Ke6 26. Be3 d4 27. Bd2 Kd5 28. f3 c5 29. Be1 a6 30. g3 c4 31. Bb4 Bg7 32. Bd2 1/2-1/2

[Event "Alberta-ch"]
[Site "Calgary CAN"]
[Date "2000.04.21"]
[Round "2"]
[White "Gardner, Robert"]
[Black "Haessel, Dale"]
[Result "0-1"]
[WhiteElo "2315"]
[BlackElo "2240"]
[PlyCount "126"]
[GameId "2160767911724592"]
[EventDate "2000.04.20"]
[EventType "tourn"]
[EventRounds "7"]
[EventCountry "CAN"]

1. e4 c5 2. Nf3 d6 3. d4 cxd4 4. Nxd4 Nf6 5. Nc3 a6 6. g3 e5 7. Nde2 Nbd7 8. h3 b5 9. Bg2 Bb7 10. g4 b4 11. Nd5 Nxd5 12. exd5 Be7 13. c4 bxc3 14. Nxc3 O-O 15. Be3 Rc8 16. Qb3 Rc7 17. O-O-O Bg5 18. Kb1 f5 19. gxf5 Bxe3 20. fxe3 Qg5 21. Rhg1 Qxe3 22. Qb4 Qb6 23. Qxb6 Nxb6 24. Be4 Bc8 25. Rdf1 Nc4 26. Rf2 Rcf7 27. Rg5 Ne3 28. Rg3 Nxf5 29. Rgf3 g6 30. b4 Ng3 31. Rxf7 Rxf7 32. Rxf7 Kxf7 33. Bg2 g5 34. a4 Ke7 35. b5 axb5 36. axb5 Kd7 37. Kc2 Kc7 38. Kd3 Nh5 39. Ke3 Nf4 40. Bf1 Nxh3 41. Ne4 Nf4 42. b6+ Kd8 43. Nxd6 Nxd5+ 44. Ke4 Nxb6 45. Nf7+ Ke7 46. Nxg5 h6 47. Nh7 Nd7 48. Ke3 Nf6 49. Nxf6 Kxf6 50. Kf3 Bb7+ 51. Kg3 Kg5 52. Be2 h5 53. Kh3 h4 54. Kh2 Bc8 55. Kg2 Kf4 56. Bd1 e4 57. Bh5 Bg4 58. Be8 e3 59. Bc6 h3+ 60. Kf1 Kg3 61. Ke1 Bf3 62. Bxf3 Kxf3 63. Kf1 h2 0-1

[Event "Alberta-ch"]
[Site "Calgary CAN"]
[Date "2000.04.21"]
[Round "2"]
[White "Hughey, Micah"]
[Black "Olson, Hans"]
[Result "0-1"]
[WhiteElo "2080"]
[BlackElo "2025"]
[PlyCount "58"]
[GameId "2160767911724593"]
[EventDate "2000.04.20"]
[EventType "tourn"]
[EventRounds "7"]
[EventCountry "CAN"]

1. d4 Nf6 2. Nf3 g6 3. Bg5 Bg7 4. Nbd2 d5 5. e3 Nbd7 6. Bd3 c5 7. c3 b6 8. O-O Bb7 9. Ne5 O-O 10. Ndf3 Ne4 11. Bf4 Ndf6 12. h3 Nh5 13. Bh2 f6 14. Ng4 f5 15. Nge5 f4 16. exf4 Nxf4 17. Bxf4 Rxf4 18. Re1 Bxe5 19. dxe5 Qf8 20. Qe2 Qh6 21. Qe3 Raf8 22. g3 Nxf2 23. gxf4 Nxh3+ 24. Kf1 Nxf4 25. Kf2 d4 26. cxd4 Nxd3+ 27. Qxd3 Qh2+ 28. Kf1 Rxf3+ 29. Qxf3 Bxf3 0-1

[Event "Alberta-ch"]
[Site "Calgary CAN"]
[Date "2000.04.21"]
[Round "2"]
[White "Ottosen, David"]
[Black "Huber, Gregory"]
[Result "1-0"]
[WhiteElo "2160"]
[BlackElo "2335"]
[PlyCount "59"]
[GameId "2160767911724594"]
[EventDate "2000.04.20"]
[EventType "tourn"]
[EventRounds "7"]
[EventCountry "CAN"]

1. e4 c5 2. Nf3 Nf6 3. Nc3 Nc6 4. d4 d5 5. e5 cxd4 6. Ne2 Nd7 7. Bf4 g5 8. Nxg5 Ndxe5 9. Nxd4 Ng6 10. Bc1 h6 11. Ngf3 e5 12. Nb3 Bg7 13. Be2 O-O 14. O-O e4 15. Nfd4 Qh4 16. f4 Nge7 17. c3 Kh7 18. Be3 Rg8 19. Rf2 Bf6 20. Qc2 Bh3 21. Nf3 Qxf2+ 22. Kxf2 Rxg2+ 23. Ke1 Nf5 24. Bf2 exf3 25. Bf1 Bh4 26. Bxg2 Re8+ 27. Kf1 fxg2+ 28. Kg1 Bf6 29. Qd3 Bg4 30. h3 1-0

[Event "Alberta-ch"]
[Site "Calgary CAN"]
[Date "2000.04.21"]
[Round "2"]
[White "Yearwood, Roy"]
[Black "Odachowski, Arthur"]
[Result "1/2-1/2"]
[WhiteElo "2200"]
[BlackElo "2305"]
[PlyCount "60"]
[GameId "2160767911724595"]
[EventDate "2000.04.20"]
[EventType "tourn"]
[EventRounds "7"]
[EventCountry "CAN"]

1. e4 c5 2. Nf3 d6 3. d4 cxd4 4. Nxd4 Nf6 5. Nc3 Nc6 6. Bc4 e6 7. Bb3 Be7 8. Be3 a6 9. Qe2 Qc7 10. g4 Nxd4 11. Bxd4 e5 12. Be3 Bxg4 13. f3 Be6 14. Rg1 g6 15. Qf2 Nh5 16. O-O-O O-O 17. Bb6 Qc8 18. Kb1 Nf4 19. Qd2 Kh8 20. Be3 Nh5 21. Nd5 Bxd5 22. Bxd5 Qd7 23. Qb4 Rab8 24. Qb3 Bd8 25. Bh6 Ng7 26. f4 exf4 27. Qc3 f6 28. Bxf4 Nh5 29. Bh6 Re8 30. Rgf1 Re5 1/2-1/2

[Event "Alberta-ch"]
[Site "Calgary CAN"]
[Date "2000.04.21"]
[Round "3"]
[White "Haessel, Dale"]
[Black "Yearwood, Roy"]
[Result "1/2-1/2"]
[WhiteElo "2240"]
[BlackElo "2200"]
[PlyCount "46"]
[GameId "2160767911724596"]
[EventDate "2000.04.20"]
[EventType "tourn"]
[EventRounds "7"]
[EventCountry "CAN"]

1. c4 f5 2. g3 g6 3. Bg2 Bg7 4. Nc3 d6 5. d3 c6 6. e3 Nh6 7. Nge2 a5 8. a3 O-O 9. Rb1 Na6 10. Bd2 Nc5 11. Nc1 Qe8 12. b4 axb4 13. axb4 Nd7 14. b5 c5 15. Nd5 Qd8 16. Nf4 Nf6 17. O-O Kh8 18. Nce2 Nhg4 19. Bc3 e5 20. Nd5 Nxd5 21. Bxd5 g5 22. Ra1 Rxa1 23. Qxa1 f4 1/2-1/2

[Event "Alberta-ch"]
[Site "Calgary CAN"]
[Date "2000.04.21"]
[Round "3"]
[White "Huber, Gregory"]
[Black "Hughey, Micah"]
[Result "1/2-1/2"]
[WhiteElo "2335"]
[BlackElo "2080"]
[PlyCount "61"]
[GameId "2160767911724597"]
[EventDate "2000.04.20"]
[EventType "tourn"]
[EventRounds "7"]
[EventCountry "CAN"]

1. Nf3 d5 2. b4 Bg4 3. Bb2 e6 4. a3 Nd7 5. e3 Ngf6 6. Be2 c6 7. c4 a5 8. b5 c5 9. d3 Be7 10. h3 Bxf3 11. Bxf3 O-O 12. O-O Qc7 13. Nc3 dxc4 14. dxc4 Rad8 15. Qc2 Ne5 16. Be2 b6 17. f4 Ng6 18. Nd1 Rd7 19. Nf2 Rfd8 20. Bc3 Ne8 21. Ng4 f5 22. Ne5 Nxe5 23. Bxe5 Qc8 24. Rad1 Bf6 25. Bxf6 Nxf6 26. Bf3 Rxd1 27. Rxd1 Rxd1+ 28. Qxd1 Qd7 29. Qxd7 Nxd7 30. e4 e5 31. exf5 1/2-1/2

[Event "Alberta-ch"]
[Site "Calgary CAN"]
[Date "2000.04.21"]
[Round "3"]
[White "Odachowski, Arthur"]
[Black "Ottosen, David"]
[Result "1/2-1/2"]
[WhiteElo "2305"]
[BlackElo "2160"]
[PlyCount "136"]
[GameId "2160767911724598"]
[EventDate "2000.04.20"]
[EventType "tourn"]
[EventRounds "7"]
[EventCountry "CAN"]

1. d4 e6 2. c4 c5 3. Nf3 Nf6 4. Nc3 cxd4 5. Nxd4 a6 6. g3 Nc6 7. Bg2 Bc5 8. Nc2 Qe7 9. a3 Ba7 10. Be3 b6 11. b4 Bb7 12. Na4 Qd8 13. O-O Ng4 14. Bd4 O-O 15. Bb2 f5 16. h3 Nh6 17. e3 Qc7 18. Rc1 Nf7 19. Qd2 Nce5 20. Nd4 Bxg2 21. Kxg2 Qb7+ 22. f3 Rac8 23. c5 b5 24. Nc3 Nc4 25. Qe2 Nfe5 26. Nd1 Bb8 27. Kh2 Ng6 28. f4 Ne7 29. Rc2 Qe4 30. Qf3 Nd5 31. Qxe4 fxe4 32. Re2 e5 33. Nc2 d6 34. Nc3 Nxc3 35. Bxc3 dxc5 36. bxc5 a5 37. Rb1 Rxc5 38. fxe5 Bxe5 39. Bxe5 Rxe5 40. Rb3 Rd5 41. Nd4 Ne5 42. g4 Nf3+ 43. Nxf3 Rxf3 44. Reb2 a4 45. Rxb5 Rxb5 46. Rxb5 Rxe3 47. Rb4 Rxa3 48. Rxe4 Kf7 49. h4 Kf6 50. Kg2 Ra1 51. Kf3 a3 52. Kg2 Rb1 53. Ra4 Rb2+ 54. Kg3 a2 55. Ra5 Ke6 56. Kf4 Kd6 57. Ra8 Kd5 58. Kf5 Kc4 59. Ke6 Rb6+ 60. Kf7 Rb7+ 61. Kg8 Rb8+ 62. Rxb8 a1=Q 63. Kxh7 Qf6 64. g5 Qe7 65. Rg8 Qe4+ 66. Kxg7 Qxh4 67. g6 Qe7+ 68. Kh6 Qh4+ 1/2-1/2

[Event "Alberta-ch"]
[Site "Calgary CAN"]
[Date "2000.04.21"]
[Round "3"]
[White "Olson, Hans"]
[Black "Gardner, Robert"]
[Result "0-1"]
[WhiteElo "2025"]
[BlackElo "2315"]
[PlyCount "122"]
[GameId "2160767911724599"]
[EventDate "2000.04.20"]
[EventType "tourn"]
[EventRounds "7"]
[EventCountry "CAN"]

1. e4 c5 2. Nf3 d6 3. d4 cxd4 4. Qxd4 Nc6 5. Bb5 Bd7 6. Bxc6 Bxc6 7. Nc3 Nf6 8. Bg5 e6 9. O-O-O Be7 10. Rhe1 Qc7 11. Bxf6 gxf6 12. Nd5 Qd8 13. Nxe7 Kxe7 14. e5 fxe5 15. Nxe5 f6 16. Ng4 Rf8 17. Nh6 d5 18. Qg4 Qd7 19. Qb4+ Ke8 20. Re3 Qe7 21. Qg4 f5 22. Qf4 Kd7 23. Rde1 Rf6 24. Nxf5 Qf8 25. g4 exf5 26. Re7+ Qxe7 27. Rxe7+ Kxe7 28. gxf5 Raf8 29. Qc7+ Ke8 30. Qc8+ Kf7 31. Qc7+ Kg8 32. Qg3+ Kh8 33. Qe5 h6 34. Qd4 a6 35. a4 Kh7 36. b3 Rxf5 37. Qd3 Kh8 38. Qh3 R8f6 39. Kb2 Rxf2 40. Qc8+ Kh7 41. Qd8 Rf7 42. Qd6 R2f6 43. Qg3 Rf3 44. Qe5 Rd7 45. Qd4 Re7 46. Qg4 Rf2 47. Qg3 Ree2 48. Qc7+ Kg6 49. Qg3+ Kf6 50. Qd6+ Kf7 51. Qc7+ Ke6 52. Qc8+ Kd6 53. Qb8+ Kd7 54. Qh8 Rxc2+ 55. Ka3 a5 56. Qg7+ Kc8 57. Qh8+ Kc7 58. Qe5+ Kb6 59. Qd4+ Ka6 60. Qd3+ Ka7 61. Qd4+ b6 0-1

[Event "Alberta-ch"]
[Site "Calgary CAN"]
[Date "2000.04.22"]
[Round "4"]
[White "Huber, Gregory"]
[Black "Odachowski, Arthur"]
[Result "1-0"]
[WhiteElo "2335"]
[BlackElo "2305"]
[PlyCount "115"]
[GameId "2160767911724600"]
[EventDate "2000.04.20"]
[EventType "tourn"]
[EventRounds "7"]
[EventCountry "CAN"]

1. e4 c5 2. Nf3 d6 3. d4 cxd4 4. Nxd4 Nf6 5. Nc3 Nc6 6. Bc4 e6 7. Be3 Be7 8. Qe2 a6 9. Rg1 Qc7 10. Bb3 Na5 11. g4 Nxb3 12. axb3 Rb8 13. g5 Nd7 14. h4 b5 15. O-O-O b4 16. Na4 Nc5 17. h5 g6 18. hxg6 hxg6 19. Nxc5 dxc5 20. Nf3 Bb7 21. Nd2 Bc6 22. f4 Bb5 23. Nc4 Qc6 24. Rh1 Rf8 25. f5 Bxc4 26. Qxc4 gxf5 27. exf5 Rd8 28. f6 Rxd1+ 29. Rxd1 Bd8 30. Bxc5 Rg8 31. Qd3 Bc7 32. Be7 Qd5 33. Qxd5 exd5 34. Rxd5 Rxg5 35. Rd4 Bb6 36. Re4 Kd7 37. Bxb4 Kc6 38. c4 Rf5 39. Be7 Bc7 40. Rh4 Be5 41. Rh7 Rf1+ 42. Kc2 Rf2+ 43. Kd3 Rxb2 44. Rxf7 Rxb3+ 45. Ke4 Bb2 46. Rh7 Rb7 47. Rh2 a5 48. Rxb2 Rxb2 49. f7 Re2+ 50. Kd3 Rxe7 51. f8=Q Rb7 52. Kc3 Rb4 53. Qd8 Rb6 54. Qa8+ Kc7 55. Qxa5 Kb7 56. c5 Ra6 57. Qb5+ Ka7 58. c6 1-0

[Event "Alberta-ch"]
[Site "Calgary CAN"]
[Date "2000.04.22"]
[Round "4"]
[White "Hughey, Micah"]
[Black "Gardner, Robert"]
[Result "0-1"]
[WhiteElo "2080"]
[BlackElo "2310"]
[PlyCount "58"]
[GameId "2160767911724601"]
[EventDate "2000.04.20"]
[EventType "tourn"]
[EventRounds "7"]
[EventCountry "CAN"]

1. e4 c5 2. Nf3 Nc6 3. d3 e6 4. g3 d5 5. Nbd2 Bd6 6. Bg2 Nge7 7. O-O O-O 8. Re1 b6 9. c3 Ba6 10. e5 Bc7 11. d4 cxd4 12. cxd4 Nf5 13. Nf1 Rc8 14. Kh1 b5 15. g4 Nfe7 16. Ng3 Bb6 17. a3 Bb7 18. Bf1 b4 19. a4 Na5 20. Bd3 Nec6 21. Bxh7+ Kxh7 22. Ng5+ Kg8 23. Qd3 g6 24. Nxe6 Qe7 25. Nxf8 Kxf8 26. Bh6+ Kg8 27. Nf5 Qe6 28. Nd6 Rc7 29. Be3 Qxg4 0-1

[Event "Alberta-ch"]
[Site "Calgary CAN"]
[Date "2000.04.22"]
[Round "4"]
[White "Ottosen, David"]
[Black "Haessel, Dale"]
[Result "1-0"]
[WhiteElo "2160"]
[BlackElo "2240"]
[PlyCount "128"]
[GameId "2160767911724602"]
[EventDate "2000.04.20"]
[EventType "tourn"]
[EventRounds "7"]
[EventCountry "CAN"]

1. e4 c5 2. Nf3 d6 3. d4 cxd4 4. Nxd4 Nf6 5. Nc3 a6 6. Be3 Ng4 7. Bg5 h6 8. Bh4 g5 9. Bg3 Bg7 10. h3 Ne5 11. Be2 Nbc6 12. Nf5 Bxf5 13. exf5 Nd4 14. Bg4 Qa5 15. Kf1 Nc4 16. f6 Bxf6 17. Ne4 Bg7 18. c3 Nf5 19. Bxf5 Qxf5 20. Qe2 Ne5 21. Rd1 Qe6 22. Kg1 f5 23. Bxe5 Qxe5 24. Qh5+ Kd7 25. Ng3 Qe6 26. Qf3 Rab8 27. Nxf5 Be5 28. Nd4 Bxd4 29. Rxd4 Rhf8 30. Qg4 Rf5 31. Re4 Qf7 32. Qe2 Re8 33. a3 Rb5 34. c4 Rf5 35. f3 Rc8 36. Kf2 Rfc5 37. Re1 e5 38. b3 b5 39. Rc1 bxc4 40. bxc4 Ra5 41. Qd3 Rac5 42. Qb3 Ke6 43. h4 Qa7 44. Qe3 R5c7 45. c5 Rxc5 46. Kg3 Qg7 47. Qb3+ Kd7 48. Rxc5 Rxc5 49. Kh2 Rc7 50. Qa4+ Ke6 51. Qxa6 h5 52. Qe2 Qf6 53. a4 gxh4 54. a5 Qg5 55. Qf2 Rc5 56. Ra4 h3 57. Kxh3 Rc1 58. Kh2 Qf5 59. a6 Qb1 60. Qa2+ Qxa2 61. Rxa2 Rc8 62. Kg3 Kf5 63. Kh4 Ra8 64. a7 d5 1-0

[Event "Alberta-ch"]
[Site "Calgary CAN"]
[Date "2000.04.22"]
[Round "4"]
[White "Yearwood, Roy"]
[Black "Olson, Hans"]
[Result "1-0"]
[WhiteElo "2200"]
[BlackElo "2025"]
[PlyCount "49"]
[GameId "2160767911724603"]
[EventDate "2000.04.20"]
[EventType "tourn"]
[EventRounds "7"]
[EventCountry "CAN"]

1. e4 e5 2. Nf3 Nc6 3. Bc4 Bc5 4. O-O Nf6 5. Nc3 d6 6. d3 Bg4 7. h3 Bxf3 8. Qxf3 Nd4 9. Qd1 c6 10. a3 b5 11. Ba2 a5 12. Be3 O-O 13. Kh1 Nd7 14. Qd2 Ne6 15. Ne2 Bxe3 16. Qxe3 Qh4 17. f4 exf4 18. Nxf4 Nxf4 19. Rxf4 Qe7 20. Raf1 Nf6 21. Rf5 Kh8 22. Qg5 Rae8 23. Qf4 Rg8 24. g4 g5 25. Qf3 1-0